Name these Hawaiians - Statistics

General Stats
  • This quiz has been taken 74 times
  • The average score is 5 of 16
Answer Stats
Picture Hint Answer % Correct
US President Barack Obama
93%
Singer Bruno Mars
81%
Actor Jason Momoa
79%
King of Hawai'i Kamehameha I
50%
Singer Israel Kamakawiwoʻole
43%
Singer, Actress Bette Midler
32%
Queen of Hawai'i Liliʻuokalani
26%
YouTuber Ryan Higa
25%
Actress Tia Carrere
22%
Actress Auli'i Cravalho
21%
Olympic Swimmer, Surfer Duke Kahanamoku
19%
Model, Actress Maggie Q
13%
UFC Fighter B J Penn
12%
US Senator Daniel Akaka
12%
Sumo Wrestler Akebono Tarō
4%
Football Player Olin Kreutz
3%
No matching quizzes found
Score Distribution
Percent of People with Each Score
Percentile by Number Answered
Your Score History
You have not taken this quiz